000 00551cam a2200145 4500500
005 20260111090603.0
041 _afre
042 _adc
100 1 0 _aWybrands, Francis
_eauthor
245 0 0 _aCharles Fourier, Des harmonies polygames en amour, Edition établie et préfacée par Raoul Vaneigem. Rivages/poche, 2003, 380 pages, 10,40 €
260 _c2003.
500 _a28
786 0 _nÉtudes | 399 | 7 | 2003-07-01 | p. 129t-143t | 0014-1941
856 4 1 _uhttps://shs.cairn.info/revue-etudes-2003-7-page-129t?lang=fr&redirect-ssocas=7080
999 _c1619203
_d1619203